000 01140naa a22002897a 4500
001 BR8708448
003 BR-BrBNA
005 20240918175922.0
007 ta
008 230509b bl.||||| |||| 00| 0 por d
040 _aBR-BrBNA
_bpor
_cBiblioteca Nacional de Agricultura
041 _a(Pt)
072 _aE50
_b0230
_bG514
090 _aE50 BR8708448
100 1 _aKater, M. das G.L.
100 1 _aBarros, M. de L.O. de
111 1 _a6. Encontro Nacional de Geografia Agraria
_cGaranhuns, PE (Brazil)
_d9-14 Dec 1985
245 1 _aO processo de transferencia dos agricultores situados na area da SUAPE, pertencentes a cooperativa de Tiriti
260 3 _aRecife, PE (Brasil):
_bMassangana,
_c1985.
500 _aAnais do 6. Encontro Nacional de Geografia Agraria. Comunicacoes Recife, PE (Brasil): Massangana, 1985. p. 88-93 (BR8708448-AM)E50
650 _aSOCIOLOGIA RURAL
650 _aCANA DE ACUCAR
650 _aPERNAMBUCO
773 0 _tAnais do 6. Encontro Nacional de Geografia Agraria. Comunicacoes
_wE50 BR8708448
_gRecife, PE (Brasil), 1985. p. 88-93
909 _a202404
_bLucia
_c55
_dLucia Elande
942 _cAM
_2AGRIS
999 _c318786
_d318786